Loading...
| Current Events | 5 | 12.00 | 100% | 20% | 0% |
| Fine Arts - Classical Music | 7 | 8.57 | 71% | 14% | 0% |
| Fine Arts - Other | 5 | 6.00 | 60% | 0% | 0% |
| Fine Arts - Painting & Sculpture | 6 | 8.33 | 83% | 0% | 0% |
| Geography | 3 | 20.00 | 100% | 67% | 33% |
| History - American | 8 | 15.00 | 100% | 38% | 13% |
| History - European | 7 | 12.86 | 71% | 57% | 0% |
| History - Other | 10 | 14.00 | 100% | 40% | 0% |
| History - World | 5 | 18.00 | 100% | 60% | 20% |
| Literature - American | 10 | 13.00 | 80% | 50% | 0% |
| Literature - British | 6 | 10.00 | 83% | 17% | 0% |
| Literature - European | 8 | 16.25 | 100% | 50% | 13% |
| Literature - World | 6 | 13.33 | 100% | 33% | 0% |
| Mythology | 4 | 22.50 | 100% | 75% | 50% |
| Other Academic | 4 | 12.50 | 100% | 25% | 0% |
| Philosophy | 8 | 10.00 | 75% | 25% | 0% |
| Religion | 10 | 18.00 | 90% | 50% | 40% |
| Science - Biology | 9 | 17.78 | 89% | 56% | 33% |
| Science - Chemistry | 9 | 13.33 | 89% | 44% | 0% |
| Science - Other | 9 | 7.78 | 67% | 11% | 0% |
| Science - Physics | 4 | 12.50 | 100% | 25% | 0% |
| Social Science | 7 | 8.57 | 71% | 0% | 14% |